000
00304nam a22001337a 4500
008
171018b xxu||||| |||| 00| 0 eng d
020
_a
9780534871987
041
_a
eng
080
_a
338
100
_a
53
101
_a
mng
245
_a
COMPENSATION THEORY AND PRACTICE
_c
WALLACE, M.J
942
_2
udc
_c
BK
999
_c
34581
_d
34581